000 00533cam a2200205ua 4500
001 1966
008 110806n ii |||gr||||Z||||||eng
020 _a81-7096-295-1
040 _cMAIN
082 _a370
100 _aBhatia, Kamala,
_eAuthor.
245 1 _aBook of education for beginers
_cby Kamala Bhatia
250 _a1st.
260 _aLudhiana:
_bKalyani publishers,996.
300 _a187p:
_c23cm.
653 _aEducation
653 _aBook of education for beginers
700 _aBhatia, Baldev ,
_eAuthor.
942 _cBK
999 _c1841
_d1841